Least Biodiverse Countries - Statistics

General Stats
  • This quiz has been taken 47 times
  • The average score is 12 of 20
Answer Stats
Hint Answer % Correct
10. Liechtenstein
92%
9. Luxembourg
90%
4. Monaco
90%
1. San Marino
87%
7. Andorra
85%
2. Nauru
85%
12. Malta
74%
3. Tuvalu
72%
5. Iceland
67%
6. Kiribati
64%
19. Bahrain
59%
20. Barbados
54%
13. Comoros
54%
11. Cabo Verde
51%
16. Antigua and Barbuda
49%
8. São Tomé and Príncipe
49%
17. Grenada
38%
14. St. Kitts and Nevis
28%
15. St. Vincent and the grenadines
28%
18. Palestine
10%
No matching quizzes found
Score Distribution
Percent of People with Each Score
Percentile by Number Answered
Your Score History
You have not taken this quiz